[Event "Tula Region-ch op"]
[White "Bobirev, Nikolay"]
[Black "Gorodetsky, Alexander"]
[Site "Tula"]
[Round "8"]
[Result "1/2-1/2"]
[Date "2008.08.08"]
[WhiteElo "2161"]
[BlackElo "2096"]
[PlyCount "54"]
[EventDate "2008.08.01"]
[EventType "swiss"]
[EventRounds "9"]
[EventCountry "RUS"]
[SourceTitle "EXT 2022"]
[Source "ChessBase"]
[SourceDate "2021.10.06"]
[SourceVersion "1"]
[SourceVersionDate "2021.10.06"]
[SourceQuality "1"]

1. c4 c6 2. d4 d5 3. Nf3 Nf6 4. Nc3 dxc4 5. a4 Bf5 6. Ne5 Nbd7 7. Nxc4 Qc7 8. f3 e5 9. dxe5 Nxe5 10. e4 Rd8 11. Qc2 Be6 12. Be3 Nxc4 13. Bxc4 Bd6 14. 0-0-0 Bf4 15. Rxd8+ Kxd8 16. Bxf4 Qxf4+ 17. Qd2+ Qxd2+ 18. Kxd2 Nd7 19. Ke3 Ke7 20. Rd1 f6 21. f4 Rd8 22. b4 Bf7 23. Be2 Nb6 24. Rxd8 Kxd8 25. a5 Nd7 26. Bg4 Nb8 27. Ne2 Nd7 1/2-1/2

[Event "Tula Region-ch op"]
[White "Gorodetsky, Alexander"]
[Black "Diordiyaschenko, Dmitry"]
[Site "Tula"]
[Round "5"]
[Result "1-0"]
[Date "2008.08.05"]
[WhiteElo "2096"]
[BlackElo "1837"]
[PlyCount "94"]
[EventDate "2008.08.01"]
[EventType "swiss"]
[EventRounds "9"]
[EventCountry "RUS"]
[SourceTitle "EXT 2022"]
[Source "ChessBase"]
[SourceDate "2021.10.06"]
[SourceVersion "1"]
[SourceVersionDate "2021.10.06"]
[SourceQuality "1"]

1. d4 e6 2. c4 d5 3. Nc3 Nf6 4. Bg5 Be7 5. e3 0-0 6. Nf3 h6 7. Bxf6 Bxf6 8. Qc2 dxc4 9. Bxc4 Nd7 10. 0-0 c5 11. Rad1 Qc7 12. d5 exd5 13. Nxd5 Qc6 14. h3 b5 15. Bd3 Kh8 16. Be4 Rb8 17. Ne7 Qc7 18. Nd5 Qc6 19. Rd2 Nb6 20. Ne7 Qc7 21. Nc6 Nc4 22. Nxb8 Nxd2 23. Nxd2 Qxb8 24. Qxc5 Be6 25. b4 Rc8 26. Qh5 Bxa2 27. Qf5 Kg8 28. Qh7+ Kf8 29. Bf5 Rd8 30. Ne4 Bc4 31. Nxf6 gxf6 32. Qxh6+ Ke7 33. Ra1 Rd2 34. e4 Rb2 35. Qe3 Ra2 36. Rd1 Be6 37. Qc5+ Ke8 38. g3 a5 39. Bxe6 fxe6 40. Rd6 Ra1+ 41. Kg2 Kf7 42. Rd7+ Kg6 43. Qe7 Qg8 44. bxa5 Rxa5 45. Rd6 Qg7 46. Qxe6 b4 47. Rb6 Qf8 1-0